书目信息 |
| 题名: |
职业教育教师的国际比较
|
|
| 作者: | 屈书杰 著 | |
| 分册: | ||
| 出版信息: | 北京 科学出版社 2016 |
|
| 页数: | 258页 | |
| 开本: | 20cm | |
| 丛书名: | ||
| 单 册: | ||
| 中图分类: | G715 | |
| 科图分类: | ||
| 主题词: | 教育--类型 | |
| 电子资源: | ||
| ISBN: | 7-03-049833-X | |
| 000 | 00580nam0 2200193 450 | |
| 001 | 2206 | |
| 005 | 20180522172526.59 | |
| 010 | @a7-03-049833-X@dCNY79.00 | |
| 100 | @a20180522d2016 km y0chiy0120 ea | |
| 101 | 0 | @achi |
| 102 | @aCN@b110000 | |
| 200 | 1 | @a职业教育教师的国际比较@Azhi ye jiao yu jiao shi de guo ji bi jiao@f屈书杰等著@Fqu shu jie deng zhu |
| 210 | @a北京@c科学出版社@d2016 | |
| 215 | @a258页@d20cm | |
| 606 | 0 | @a教育@x类型 |
| 690 | @aG715@v4 | |
| 701 | 0 | @a屈书杰@Aqu shu jie@4著 |
| 801 | 0 | @aCN@b大连网信软件有限公司图书馆·11@c20180522 |
| 905 | @aMuseLib@dG715@e42 | |
| 职业教育教师的国际比较/屈书杰等著.-北京:科学出版社,2016 |
| 258页;20cm |
| ISBN 7-03-049833-X:CNY79.00 |
| ● |
| 相关链接 |
|
|
|
|
正题名:职业教育教师的国际比较
索取号:G715/42
 
预约/预借
| 序号 | 登录号 | 条形码 | 馆藏地/架位号 | 状态 | 备注 |
| 1 | 1108377 | 211083771 | 第一样本阅览室/ [索取号:G715/42] | 在馆 | |
| 2 | 1108378 | 211083780 | 教育系资料室/ [索取号:G715/42] | 在馆 | |
| 3 | 1108379 | 211083799 | 教育系资料室/ [索取号:G715/42] | 在馆 | |
| 4 | 1108380 | 211083806 | 第四借阅区/ [索取号:G715/42] | 在馆 |